Authority and Democracy <A> General Theory of Government and Management

Gespeichert in:
Bibliographische Detailangaben
1. Verfasser: MacMahon, Christopher
Format: Buch
Sprache:Englisch
Veröffentlicht: Princeton Princeton University Press 1994
Ausgabe:1. ed.
Schriftenreihe:Studies in Moral, Political, and Legal Philosophy
Schlagworte:
Tags: Tag hinzufügen
Keine Tags, Fügen Sie das erste Tag hinzu!

MARC

LEADER 00000nam a2200000 4500
001 c018945
005 20221205140338.8
020 |a 0-691-03662-4 
041 0 |a eng 
044 |a US 
245 1 0 |a Authority and Democracy  |b <A> General Theory of Government and Management  |c Christopher MacMahon 
250 |a 1. ed. 
264 1 |a Princeton  |b Princeton University Press  |c 1994 
300 |a 307 s. 
490 1 |a Studies in Moral, Political, and Legal Philosophy 
830 0 |a Studies in Moral, Political, and Legal Philosophy 
610 2 0 |a demokracia 
610 2 0 |a autorita 
610 2 0 |a riadenie 
610 2 0 |a vláda 
610 2 0 |a etika 
610 2 0 |a podriadení 
610 2 0 |a technika riadenia 
610 2 0 |a princípy mravné 
610 2 0 |a morálka 
100 1 |a MacMahon, Christopher